Clic Quelques termes d'hydrographie - Statistiques

Statistiques générales
  • Ce quiz a été pris 31 fois
  • Le résultat moyen est 14 sur 28
Statistiques - réponses
Hint Réponse % Correct
Surface de terre entourée d'eau de manière permanente ou parfois de manière temporaire en fonction des marées. Ile
84%
Ensemble des zones très profondes d'un océan Abysses
74%
Endroit où une eau liquide sort naturellement du sol. Source
74%
Ecoulement aérien de cours d'eau soit vertical soit abrupt le long d'une série de parois très pentues, avec un dénivelé souvent important. Chute d'eau | Cascade | Cataracte | Saut
68%
Cours d'eau qui se déverse dans un autre cours d'eau ou dans un lac Affluent
63%
Vallée unique érodée par un glacier avançant de la montagne à la mer qui a été envahie par la mer depuis le retrait de la glace. Fjord
63%
Grande étendue d'eau entourée de terre Lac
63%
Etendue d'eau stagnante peu profonde et de petite taille Mare
63%
Vaste étendue d'eau salée comprise entre deux continents. Océan
63%
Type d'embouchure des cours d'eau, caractérisé par la séparation du cours d'eau en plusieurs défluents. Delta
58%
Bras de mer plus ou moins long et resserré entre les deux côtes qui le bordent Détroit
58%
Etroite bande de terre, entre deux mers ou deux golfes, qui réunit deux grandes étendues de terre. Isthme
58%
Etendue d'eau peu profonde à l'intérieur d'un atoll ou fermée au large du littoral par un récif corallien. Lagon
58%
Petit cours d'eau peu profond, au débit modéré (jusqu'à 2 m3/s), alimenté par des sources d'eaux naturelles ou drainant un bassin versant Ruisseau
53%
Terre adjacente ou proche du domaine maritime Côte
47%
Cours d'eau se jetant dans une mer ou un océan ou un désert Fleuve
47%
Limite géographique qui divise hydrographiquement en plusieurs bassins versants. Ligne de {partage} des eaux
47%
Cours d'eau né d'une division d'un cours d'eau principal en un bras qui s'en éloigne et ne le rejoint pas en aval Défluent
42%
Cours d'eau au débit moyen à modéré (supérieur à 2 m3/s), recevant des affluents et qui se jette dans un autre cours d'eau semblable ou dans un fleuve Rivière
42%
Cours d'eau élémentaire de montagne au débit irrégulier Torrent
42%
Plan d'eau marin permettant le mouillage d'une flotte. Se distingue d'une baie ou d'un golfe par une profondeur plus importante et une ouverture vers la mer plus étroite Rade
37%
Portion de l'embouchure d'un fleuve où l'effet de la mer ou de l'océan dans lequel il se jette est perceptible. Estuaire
32%
Etendue d'eau stagnante, artificielle ou naturelle, située à l'intérieur des terres Etang
32%
Etendue d’eau salée, leur ensemble couvre la plus grande partie (environ 71 %) de la surface terrestre Mer
26%
Echancrure du littoral mais aussi de la berge d'un lac Baie
21%
Etendue d'eaux côtières généralement peu profonde séparée de la mer par un cordon littoral de largeur variable. Lagune
16%
Baie étroite, allongée et relativement profonde, formée par la partie inférieure de la vallée d'un fleuve côtier envahie, en partie ou en totalité, par la mer. Ria | Aber
16%
Partie de mer ou de lac avancée dans les terres. Golfe
11%
Aucun quiz correspondant
Distribution des résultats
% des personnes avec chaque résultat
Percentile par nombre de réponses
Votre historique - résultats
Vous n’avez pas pris ce quiz